000 00914nam a2200301Ia 4500
001 Z_84
003 CHAP
008 220113s1981 xx 000 0 und d
010 _a163052
040 _cCHAP
090 _aFolleto 110
100 _aMata García, Bernardino
_972863
245 _aLos trabajos de campo en la formación del agrónomo necesario /
_cpor Bernardino Mata García
260 _aChapingo, Méx. :
_bUACH. Dirección de Difusión Cultural,
_c1981
300 _a77 p.
440 _aColección cuadernos universitarios; 1
_9137278
500 _a
503 _a
650 _aEducación agrícola
_xMéxico
_9137279
650 _aExtensión agrícola
_xMéxico I. UACH. Dirección de Difusión Cultural II. t.
_9137280
650 _aMéxico
_xEducación agrícola
_9137281
901 _aFolleto 110
902 _aA
910 _a1981
942 _cc14
942 _cc14
999 _c163052
_d163052